| 000 | nam a22 a 4500 | ||
|---|---|---|---|
| 999 |
_c4800 _d4800 |
||
| 003 | BLK | ||
| 005 | 20230407030343.0 | ||
| 008 | 180412b bul|||||r ||||||| ||bul|| | ||
| 010 | _aKNG00005965000 | ||
| 020 | _a954-8164-06-Х | ||
| 040 | _aBLK | ||
| 041 |
_aBUL _cBUL |
||
| 080 |
_aБългарска литература _b821.163.2 _x.09(07) _z821.163.2.09(07) |
||
| 139 |
_aИнтерпретации на класически текстове от българската литература _bИ 72 |
||
| 245 | 1 | 0 |
_aИнтерпретации на класически текстове от българската литература _bВ помощ на учители и ученици : Ч. 1 - _cавт. на том Добрин Добрев. _nЧ. 2 |
| 257 | _aBGR | ||
| 260 |
_aШумен _bГлаукс _c1992 - _fРусе : Дунав прес _n954-8164-06-X |
||
| 300 |
_c20 см _a109 с. |
||
| 380 | _a82 | ||
| 490 |
_aНова литературна библиотека _9201162 |
||
| 490 | 1 | _aСвит. 4 | |
| 650 | 4 |
_aБългарска литература - учебни помагала _9242720 |
|
| 653 | _aбългарска литература | ||
| 653 | _aучебни помагала | ||
| 700 | 1 |
_aДобрев, Добрин _eавт. на том _9249203 |
|
| 760 | 1 |
_dГлаукс, 1993 _h109 с. _nДруги авт.: Р. Йовева, Е. Добрева, О. Ковачев, А. Алипиева, Л. Попова _tЧ. 2 |
|
| 852 |
_aЦб 170924 _bЦб |
||
| 856 | 4 |
_qpdf _u _i0.00 _ldisable |
|
| 856 | 4 |
_qpdf _u _i0.00 _ldisable |
|
| 942 |
_cKNG _n0 _s1 |
||
| 944 |
_aCR _c20.03.2003 _kКети_Илиева |
||
| 944 |
_aED _c23.08.2005 |
||
| 999 | _d4800 | ||